00473nam a2200193 a 4500001001300000003000900013005001700022008004100039020001000080082001400090100002500104245001000129260003700139300001000176500003500186505001000221650002300231700002500254nice12345678IN_TiNIC20260116011335.0050524s1962 newa grp 000 0 eng  ac10000a297bWIL1 aWilliams, John Alden aIslam aNew YorkbGeorge Brazillerc1962 a256p. aincludes index and biblioraphy2 aIndex aIslam-Meccan Trade1 aWilliams, John Alden